000 00285nam a2200121Ia 4500
008 190216s9999||||xx |||||||||||||| ||und||
100 _aRajaraman.V
245 0 _aAnalog Computation And Simulation
260 _bPrentice Hall
_c1996
300 _a192p
650 _aComputer
942 _cBK
999 _c8398
_d8398